| 000 | 00466 a2200157 4500 | ||
|---|---|---|---|
| 020 | _a9812531564 | ||
| 040 |
_aDLC _bDLC |
||
| 100 | _aThomas, Joy A. | ||
| 245 |
_aElements of information theory _cCover, T. M. |
||
| 260 |
_aNew York , _bWiley _c c1991. |
||
| 300 |
_axxii, 542 p. . _b ill. _c24 cm |
||
| 440 | _aWiley series in telecommunications | ||
| 500 | _aIncludes bibliographical references and index | ||
| 650 | _aInformation theory. | ||
| 942 |
_cBK _k003.54 COV _2ddc |
||
| 999 |
_c4144 _d4144 |
||